000 00387nam a2200169Ia 4500
003 0100
008 130303s9999 xx 000 0 und d
040 _cARRUPELIB
050 _aQ125.S51661996
100 _aShapin, Steven
245 4 _aThe Scientific Revolution
260 _aChicago
260 _bThe University of Chicago Press
260 _C1996
300 _a218p
942 0 0 _01
999 _c18185
_d18185